000 00877 a2200217 4500
008 090324t xxu||||| |||| 00| 0 eng d
010 _aENG-85764
020 _a8178241765
_c695.00
035 _aEN-69297
037 _bD.B.Act / ven
082 _a333.91
245 _aWaterscapes
_bthe cultural politics of a natural resource
_cedited by Amita Baviskar
260 _aRanikhet
_bPermanent Black
_c2007
260 _aNew Delhi
_bOrient Longman, (Vendor)
270 _a'Himalaya', Mall Road, Ranikhet Cantt, Ranikhet,
_bRanikhet
_cUttaranchal
300 _axi, 374 p.
_c22cm.(Hb)
500 _aIncludes bibliographical references
700 _aBaviskar, Amita
942 _adpl
_cEN
_2ddc
_h333.91
_mWAT
999 _c3401
_d3401